000 00811nam a22001817a 4500
999 _c80884
_d80884
008 201130b ||||| |||| 00| 0 eng d
040 _bger
_cDE-2950
_erda
_aDE-2950
041 _ager
100 _aGutke, Thomas:
245 _a"Es sind die Kinder, die Unglaubliches leisten".
_bCorona: Die Kinderbeauftragte Jacqueline Eckardt zog am Donnerstag in der Stadtverordnetenversammlung Zwischenbilanz nach einem Jahr Kindercharta, das geprägt war von den Einschränkungen der Pandemie ...
_cThomas Gutke
653 _aFrankfurt (Oder)
653 _aPandemie / Corona
773 _dFrankfurt (Oder): Märkisches Verlags- und Druckhaus GmbH & Co KG
_g32. Jahrgang (2021) Nr. 73 vom 27/28.03.2021, S. 18
_tMärkische Oderzeitung
942 _cA